Union of Comoros : Selected Issues.

This Selected Issues paper assesses the main fiscal trends of the Comorian economy over 2005-15. It highlights continued difficulties in the fiscal performance of and the outlook for Comoros as a result of systemic challenges in revenue administration and public financial management. In particular,...

ver descrição completa

Detalhes bibliográficos
Autor Corporativo: International Monetary Fund. African Dept
Formato: Periódico
Idioma:English
Publicado em: Washington, D.C. : International Monetary Fund, 2016.
Colecção:IMF Staff Country Reports; Country Report ; No. 2016/394
Acesso em linha:Full text available on IMF
LEADER 01786cas a2200241 a 4500
001 AALejournalIMF017304
008 230101c9999 xx r poo 0 0eng d
020 |c 5.00 USD 
020 |z 9781475562774 
022 |a 1934-7685 
040 |a BD-DhAAL  |c BD-DhAAL 
110 2 |a International Monetary Fund.  |b African Dept. 
245 1 0 |a Union of Comoros :   |b Selected Issues. 
264 1 |a Washington, D.C. :  |b International Monetary Fund,  |c 2016. 
300 |a 1 online resource (29 pages) 
490 1 |a IMF Staff Country Reports 
500 |a <strong>Off-Campus Access:</strong> No User ID or Password Required 
500 |a <strong>On-Campus Access:</strong> No User ID or Password Required 
506 |a Electronic access restricted to authorized BRAC University faculty, staff and students 
520 3 |a This Selected Issues paper assesses the main fiscal trends of the Comorian economy over 2005-15. It highlights continued difficulties in the fiscal performance of and the outlook for Comoros as a result of systemic challenges in revenue administration and public financial management. In particular, there is a structural imbalance between domestic resource mobilization and current spending, especially on public wages and salaries, leaving little scope for domestically financed capital spending, which is essential for economic growth and social development. This fiscal imbalance is more pronounced than in similar sub-Saharan African countries, even after taking into account sizable one-off budget grants that benefited the Comorian economy. 
538 |a Mode of access: Internet 
830 0 |a IMF Staff Country Reports; Country Report ;  |v No. 2016/394 
856 4 0 |z Full text available on IMF  |u http://elibrary.imf.org/view/journals/002/2016/394/002.2016.issue-394-en.xml  |z IMF e-Library